000 00702nam a2200205Ia 4500
001 3234
003 GE_BSU
008 181216s||||||||xx |||||||||||||| ||und||
040 _cGE_BSU
080 _a621.002(035)
245 _aСправочник технолога-машиностроителя. В 2-х томах. Том 1.
245 _cПод. ред. А.Г.Косиловой и Р.К. Мещерякова.
250 _aИзд. 4-е, перер. и допол.
260 _aМ.
260 _bМашиностроение.
260 _c1985.
300 _a656 стр. с илл. 24 см.
653 _aСправочник технолога-машиностроителя
942 _cBK
999 _c37275
_d37275